|
|
|
|
| LEADER |
00836cam a2200217 7i4500 |
| 001 |
0000037600 |
| 005 |
20230721090000.0 |
| 008 |
110324 eng |
| 020 |
|
|
|a 9781412961417 (pbk.)
|
| 090 |
0 |
0 |
|a LB2806.15
|b .W55 2009
|
| 100 |
1 |
|
|a Wiles, Jon
|
| 245 |
1 |
0 |
|a Leading curriculum development
|c Jon Wiles.
|
| 260 |
|
|
|a Thousand Oaks, Calif.:
|b Corwin Press,
|c 2009.
|
| 300 |
|
|
|a ix, 176 p.:
|b ill.;
|c 26 cm.
|
| 504 |
|
|
|a Includes bibliographical references and index
|
| 650 |
0 |
0 |
|a Curriculum planning
|
| 997 |
|
|
|a Education & Social Sciences, Faculty
|b Language Education, Department
|
| 998 |
|
|
|a Education (TESL), Degree
|
| 999 |
|
|
|a 0000048247
|b BOK
|c OPEN SHELF
|e 1st Floor, Bestari Jaya
|
| 999 |
|
|
|a 0000048248
|b BOK
|c OPEN SHELF
|e 1st Floor, Bestari Jaya
|
| 999 |
|
|
|a 0000048249
|b BOK
|c OPEN SHELF
|e 1st Floor, Bestari Jaya
|